[Event "33. ABC-Turnier 2013 - Gruppe H"]
[Site "Dortmund"]
[Date "2013.11.28"]
[Round "2.2"]
[White "Heinz, Hans-Werner"]
[Black "Rabe, Mark"]
[Result "1-0"]
[WhiteElo "1189"]
[BlackElo "1109"]
[PlyCount "57"]
[EventDate "2013.??.??"]
[Source "Pit Schulenburg"]
[SourceDate "2013.09.05"]

1. e4 d5 2. e5 e6 3. d4 Bd7 4. Nf3 Be7 5. g3 f6 6. Bg2 Bb5 7. a4 Ba6 8. c3 Nc6
9. b4 b5 10. Bf1 Qb8 11. Na3 Nxb4 12. cxb4 Bxb4+ 13. Bd2 Bxd2+ 14. Qxd2 c6 15.
Rb1 Qc8 16. axb5 Rb8 17. bxa6 Ne7 18. Bd3 O-O 19. O-O fxe5 20. Nxe5 Qc7 21. Ng4
Qd6 22. Rxb8 Rxb8 23. Nc2 c5 24. dxc5 Qxc5 25. Ne5 Rb2 26. Qe2 d4 27. Nd7 Qd6
28. Ne5 Nd5 29. Nc4 1-0

[Event "33. ABC-Turnier 2013 - Gruppe H"]
[Site "Dortmund"]
[Date "2013.12.05"]
[Round "2.4"]
[White "Heinz, Hans-Werner"]
[Black "Schulz, Robin"]
[Result "1-0"]
[WhiteElo "1189"]
[BlackElo "1194"]
[PlyCount "117"]
[EventDate "2013.??.??"]
[Source "Pit Schulenburg"]
[SourceDate "2013.09.05"]

1. e4 e5 2. Nf3 Nc6 3. Nc3 Bc5 4. h3 d6 5. Bc4 Nf6 6. d3 Qe7 7. Bd2 Bd7 8. Qe2
Na5 9. Bb5 c6 10. Ba4 b5 11. Bb3 Nxb3 12. axb3 d5 13. exd5 Nxd5 14. Ne4 Nb4 15.
O-O O-O 16. c3 Nd5 17. Nxc5 Qxc5 18. b4 Qd6 19. Rfe1 Rfe8 20. Qe4 f5 21. Qh4
Re6 22. g3 f4 23. gxf4 Rh6 24. fxe5 Qg6+ 25. Qg3 Qxg3+ 26. fxg3 Rxh3 27. Kg2
Bf5 28. Ng5 Rh6 29. e6 Re8 30. Rxa7 Nf6 31. Re5 Bxd3 32. Kf3 Nd5 33. e7 Rf6+
34. Kg4 Bc2 35. Re1 Nxe7 36. Raxe7 Rxe7 37. Rxe7 h5+ 38. Kh4 Kf8 39. Re5 Rf1
40. Nh3 Bd1 41. Re1 Rxe1 42. Bxe1 Ke7 43. Nf4 Kf6 44. Nxh5+ Kg6 45. Nf4+ Kf5
46. Nh3 Bg4 47. Bd2 Bd1 48. Nf2 Bc2 49. g4+ Ke5 50. g5 g6 51. Ng4+ Kd5 52. Ne3+
Ke4 53. Nxc2 Kd3 54. Nd4 Kxd2 55. Nxc6 Kc2 56. Ne5 Kxb2 57. Nxg6 Kxc3 58. Ne5
Kxb4 59. g6 1-0

[Event "33. ABC-Turnier 2013 - Gruppe H"]
[Site "Dortmund"]
[Date "2013.10.24"]
[Round "2.5"]
[White "Schulz, Robin"]
[Black "Schlettig, Achim"]
[Result "0-1"]
[WhiteElo "1194"]
[BlackElo "1117"]
[PlyCount "104"]
[EventDate "2013.??.??"]
[Source "Pit Schulenburg"]
[SourceDate "2013.09.05"]

1. e4 e5 2. Nf3 Nc6 3. Bc4 Bc5 4. O-O Nf6 5. d3 h6 6. Bd2 a6 7. a3 O-O 8. b4
Ba7 9. Bc3 d6 10. Nbd2 Ne7 11. Re1 b5 12. Ba2 Bb7 13. Bb2 c6 14. d4 exd4 15.
Nxd4 c5 16. N4f3 Ng6 17. e5 dxe5 18. Nxe5 Nxe5 19. Bxe5 c4 20. a4 Re8 21. c3
Qd5 22. Nf3 Bxf2+ 23. Kxf2 Ng4+ 24. Kg1 Nxe5 25. Qxd5 Bxd5 26. Rxe5 Bxf3 27.
Rxe8+ Rxe8 28. gxf3 Re3 29. axb5 axb5 30. Bb1 g6 31. Ra5 Re1+ 32. Kf2 Rxb1 33.
Rxb5 Rb3 34. Ke3 Rxc3+ 35. Kd4 Rxf3 36. Kxc4 Rf4+ 37. Kc5 Kf8 38. Rb6 Ke8 39.
Rd6 Ke7 40. b5 Rf5+ 41. Rd5 Rxd5+ 42. Kxd5 Kd7 43. Kc5 Kc7 44. Kd5 f5 45. Ke5
Kb6 46. Kf4 Kxb5 47. Ke5 Kc5 48. h4 h5 49. Kf4 Kd5 50. Kf3 Ke5 51. Ke3 f4+ 52.
Kf3 Kf5 0-1

[Event "33. ABC-Turnier 2013 - Gruppe J"]
[Site "Dortmund"]
[Date "2013.09.05"]
[Round "1.1"]
[White "Pauli, Helmut"]
[Black "Schulz, Wolfgang"]
[Result "1-0"]
[WhiteElo "1149"]
[BlackElo "985"]
[PlyCount "151"]
[EventDate "2013.??.??"]
[Source "Pit Schulenburg"]
[SourceDate "2013.09.05"]

1. d4 Nf6 2. c4 c6 3. Nf3 d6 4. Nc3 Nbd7 5. Qc2 h6 6. Bf4 Qa5 7. Bd2 e5 8. dxe5
dxe5 9. Nd5 Qd8 10. Nxf6+ Qxf6 11. e3 Nc5 12. Bc3 Bf5 13. Qc1 Bd3 14. Bxe5 Qf5
15. Bg3 Bxf1 16. Kxf1 Be7 17. Nd4 Qd3+ 18. Kg1 Ne4 19. Qc2 Nc5 20. Qxd3 Nxd3
21. b3 O-O 22. Rd1 Nb2 23. Rd2 Ba3 24. h3 Rad8 25. Nf3 Rxd2 26. Nxd2 Nd3 27.
Ne4 Rd8 28. Kh2 Nb4 29. Bd6 a5 30. Bxb4 axb4 31. Re1 Bb2 32. Re2 Be5+ 33. g3
Bc3 34. Rc2 Be1 35. Kg2 b6 36. g4 Kh7 37. Ng3 Bc3 38. Ne2 Bf6 39. f4 Bh4 40.
Nd4 c5 41. Nc6 Rd1 42. Ne5 Re1 43. Nf3 Rxe3 44. Nxh4 h5 45. Rd2 g6 46. f5 Kh6
47. fxg6 fxg6 48. Nf3 hxg4 49. hxg4 Re4 50. Kg3 Re8 51. Rh2+ Kg7 52. Rd2 Kf6
53. Rd6+ Kf7 54. Rxb6 Re2 55. Ra6 Ke7 56. Kf4 Kd8 57. Kg5 Kc7 58. Kxg6 Kb7 59.
Ra4 Re6+ 60. Kh5 Re8 61. g5 Re3 62. Nh4 Re8 63. g6 Rh8+ 64. Kg5 Re8 65. g7 Kc7
66. Kg6 Kd7 67. Ra7+ Ke6 68. Kh7 Kf6 69. g8=Q Rxg8 70. Kxg8 Kg5 71. Rg7+ Kxh4
72. Kf7 Kh5 73. Kf6 Kh6 74. Rg1 Kh5 75. Rg8 Kh6 76. Rh8# {Diagramm #} 1-0

[Event "33. ABC-Turnier 2013 - Gruppe J"]
[Site "Dortmund"]
[Date "2013.11.04"]
[Round "1.1"]
[White "Böckmann, Lieselotte"]
[Black "Hölling, Michael"]
[Result "0-1"]
[WhiteElo "1041"]
[BlackElo "1105"]
[PlyCount "78"]
[EventDate "2013.??.??"]
[Source "Pit Schulenburg"]
[SourceDate "2013.09.05"]

1. c4 Nf6 2. g3 e6 3. Bg2 d5 4. e3 c5 5. Ne2 Nc6 6. cxd5 Nxd5 7. Nbc3 Be7 8.
O-O O-O 9. a3 Qd7 10. d3 b6 11. Nf4 Nxf4 12. exf4 Bb7 13. Qf3 Rab8 14. Qe3 Nd4
15. Bxb7 Rxb7 16. Ra2 Rd8 17. Rd1 Qc6 18. Qe4 Qxe4 19. Nxe4 Ne2+ 20. Kf1 Nxc1
21. Rxc1 Rxd3 22. b3 Rbd7 23. Ke2 Rxb3 24. Rd1 Rxd1 25. Kxd1 c4 26. Nd2 Rxa3
27. Rc2 b5 28. Ke2 Rd3 29. Nf3 a5 30. Ne5 Rd6 31. Rb2 f6 32. Nf3 b4 33. Ra2 Bd8
34. Nd2 c3 35. Nc4 Rd5 36. Ne3 Rc5 37. Kd3 b3 38. Ra1 c2 39. Kd2 b2 0-1

[Event "33. ABC-Turnier 2013 - Gruppe J"]
[Site "Dortmund"]
[Date "2013.09.19"]
[Round "1.2"]
[White "Hölling, Michael"]
[Black "Da Costa-Hoppe, Andreas"]
[Result "1-0"]
[WhiteElo "1105"]
[BlackElo "1032"]
[PlyCount "71"]
[EventDate "2013.??.??"]
[Source "Pit Schulenburg"]
[SourceDate "2013.09.05"]

1. d4 d5 2. Nf3 Nc6 3. e3 a6 4. Bd3 e6 5. Nbd2 Bd6 6. O-O b5 7. Re1 e5 8. dxe5
Nxe5 9. e4 Nxd3 10. cxd3 dxe4 11. Nxe4 Ne7 12. Nxd6+ Qxd6 13. Qe2 Bg4 14. Bf4
Qe6 15. Qxe6 Bxe6 16. Bxc7 Ra7 17. Be5 O-O 18. a3 Bb3 19. Bd6 Re8 20. Bxe7
Raxe7 21. Rxe7 Rxe7 22. Re1 Re6 23. Rxe6 Bxe6 24. Kf1 f6 25. Ke2 Bg4 26. Ke3
Bxf3 27. Kxf3 Kf7 28. Ke4 Ke6 29. Kd4 Kd6 30. b3 Kc6 31. a4 Kd6 32. axb5 axb5
33. Kc3 Kd5 34. Kb4 Kd4 35. Kxb5 Kxd3 36. Kc5 {Diagramm #} 1-0

[Event "33. ABC-Turnier 2013 - Gruppe J"]
[Site "Dortmund"]
[Date "2013.09.19"]
[Round "1.2"]
[White "Pauli, Helmut"]
[Black "Böckmann, Lieselotte"]
[Result "1-0"]
[WhiteElo "1149"]
[BlackElo "1041"]
[PlyCount "83"]
[EventDate "2013.??.??"]
[Source "Pit Schulenburg"]
[SourceDate "2013.09.05"]

1. c4 e5 2. e3 d6 3. Nc3 Nf6 4. Be2 Be7 5. d4 Nc6 6. dxe5 Nxe5 7. b3 O-O 8. Nd5
Nxd5 9. Qxd5 c6 10. Qd2 Re8 11. Bb2 Bf6 12. Rd1 Nd7 13. Bg4 Bxb2 14. Qxb2 Ne5
15. Bxc8 Rxc8 16. Ne2 Qf6 17. Qd4 Rcd8 18. O-O Qh6 19. Ng3 g6 20. Qxa7 Rd7 21.
Qd4 Qg7 22. Ne4 Re6 23. f4 c5 24. Qa1 Nf3+ 25. Rxf3 Qxa1 26. Rxa1 Rxe4 27. Kf2
b6 28. Rd1 Kg7 29. g4 h6 30. Rg3 Re8 31. Kf3 f6 32. Rg2 g5 33. f5 Rde7 34. Re2
Rd8 35. Rd5 Kf8 36. Red2 Rde8 37. R2d3 Re4 38. Rxd6 h5 39. h3 h4 40. Rxf6+ Ke7
41. Rxb6 Kf8 42. Rbd6 {Diagramm #} 1-0

[Event "33. ABC-Turnier 2013 - Gruppe J"]
[Site "Dortmund"]
[Date "2013.10.04"]
[Round "1.3"]
[White "Böckmann, Lieselotte"]
[Black "Schulz, Wolfgang"]
[Result "1-0"]
[WhiteElo "1041"]
[BlackElo "985"]
[PlyCount "97"]
[EventDate "2013.??.??"]
[Source "Pit Schulenburg"]
[SourceDate "2013.09.05"]

1. c4 e5 2. Nc3 Nf6 3. g3 c6 4. e4 Na6 5. Bg2 Bc5 6. Nh3 O-O 7. O-O d6 8. Ng5
Ng4 9. d3 Qf6 10. Nh3 Qg6 11. Kh1 Nb4 12. a3 Na6 13. Qe2 Bd4 14. Be3 f5 15.
Bxd4 exd4 16. Nd1 Nc5 17. b4 Na4 18. e5 dxe5 19. f3 Ne3 20. Nxe3 dxe3 21. Qxe3
Re8 22. Qg5 Qe6 23. Qh4 Qh6 24. Qxh6 gxh6 25. f4 Nc3 26. Rac1 Ne2 27. Rce1 Nd4
28. b5 Nc2 29. Re2 Nd4 30. Ree1 cxb5 31. fxe5 Nc2 32. Re2 Nxa3 33. c5 a5 34.
Nf4 b4 35. Nd5 Ra7 36. Nf6+ Kf7 37. Nxe8 Kxe8 38. e6 Nb5 39. Bh3 Nd4 40. Re5
Ra6 41. Bxf5 b6 42. Bxh7 Bb7+ 43. Be4 Nc6 44. Bxc6+ Bxc6+ 45. Kg1 Bb5 46. e7
Bxd3 47. Rf8+ Kd7 48. e8=Q+ Kc7 49. Qc8# 1-0

[Event "33. ABC-Turnier 2013 - Gruppe J"]
[Site "Dortmund"]
[Date "2013.10.04"]
[Round "1.3"]
[White "Da Costa-Hoppe, Andreas"]
[Black "Pauli, Helmut"]
[Result "1/2-1/2"]
[WhiteElo "1032"]
[BlackElo "1149"]
[PlyCount "78"]
[EventDate "2013.??.??"]
[Source "Pit Schulenburg"]
[SourceDate "2013.09.05"]

1. e4 c6 2. c3 d5 3. exd5 cxd5 4. d4 Bf5 5. Bd3 Bxd3 6. Qxd3 Nd7 7. Qb5 e6 8.
Nf3 Qb6 9. Qxb6 Nxb6 10. b3 h6 11. Bf4 Be7 12. O-O Nf6 13. Nbd2 Rc8 14. Rac1
O-O 15. a4 Rc6 16. Ne5 Rcc8 17. a5 Nbd7 18. Nd3 Nh7 19. Nf3 f6 20. h3 Rfe8 21.
Rfe1 Bd8 22. b4 Bc7 23. Bxc7 Rxc7 24. Nf4 Nhf8 25. Nxd5 Rc4 26. Nf4 Kf7 27. Nd2
Rc7 28. c4 e5 29. Nd5 Rcc8 30. dxe5 Nxe5 31. Re3 Ne6 32. c5 Nc6 33. Ne4 Rcd8
34. Nd6+ Rxd6 35. cxd6 Ned4 36. Rxe8 Kxe8 37. Kf1 Kd7 38. Nc3 Nxb4 39. Rd1 Nbc6
1/2-1/2

[Event "33. ABC-Turnier 2013 - Gruppe J"]
[Site "Dortmund"]
[Date "2013.10.17"]
[Round "1.4"]
[White "Schulz, Wolfgang"]
[Black "Hölling, Michael"]
[Result "1-0"]
[WhiteElo "985"]
[BlackElo "1105"]
[PlyCount "25"]
[EventDate "2013.??.??"]
[Source "Pit Schulenburg"]
[SourceDate "2013.09.05"]

1. d4 d6 2. Nf3 Nf6 3. Nc3 c5 4. dxc5 dxc5 5. Qxd8+ Kxd8 6. e4 Nc6 7. Be3 b6 8.
O-O-O+ Ke8 9. Bc4 Be6 10. Bxe6 fxe6 11. Ng5 e5 12. Ne6 Nd8 13. Nc7+ 1-0

[Event "33. ABC-Turnier 2013 - Gruppe J"]
[Site "Dortmund"]
[Date "2013.10.17"]
[Round "1.4"]
[White "Böckmann, Lieselotte"]
[Black "Da Costa-Hoppe, Andreas"]
[Result "1/2-1/2"]
[WhiteElo "1041"]
[BlackElo "1032"]
[PlyCount "36"]
[EventDate "2013.??.??"]
[Source "Pit Schulenburg"]
[SourceDate "2013.09.05"]

1. c4 e5 2. g3 Nf6 3. Bg2 Bc5 4. Nc3 c6 5. e3 O-O 6. Nge2 d6 7. O-O Be6 8. b3
a6 9. Bb2 Nbd7 10. f4 Bg4 11. Qe1 Re8 12. Kh1 Qc7 13. h3 Bxe2 14. Qxe2 b5 15.
Ne4 Nxe4 16. Bxe4 Nf6 17. Bc2 Rad8 18. Rac1 Nd7 (18... Nd7 19. fxe5 $1 Nf8 (
19... dxe5 20. Bxh7+ $1 Kxh7 21. Qh5+ Kg8 22. Qxf7+ Kh8 23. Rf5 $18) 20. cxb5
axb5 21. d4 Bb6 22. Be4 d5 23. Bd3 {und Weiss stuende ueberlegen.}) 1/2-1/2

[Event "33. ABC-Turnier 2013 - Gruppe J"]
[Site "Dortmund"]
[Date "2013.10.24"]
[Round "1.5"]
[White "Da Costa-Hoppe, Andreas"]
[Black "Schulz, Wolfgang"]
[Result "1-0"]
[WhiteElo "1032"]
[BlackElo "985"]
[PlyCount "57"]
[EventDate "2013.??.??"]
[Source "Pit Schulenburg"]
[SourceDate "2013.09.05"]

1. e4 e5 2. Nf3 Nc6 3. Bc4 h6 4. O-O Nf6 5. Nc3 Bc5 6. a3 O-O 7. b4 Be7 8. d4
Ng4 9. d5 Nb8 10. h3 Nf6 11. Nxe5 d6 12. Nd3 c6 13. Bb2 a6 14. Re1 b5 15. Ba2
c5 16. bxc5 dxc5 17. Nf4 b4 18. axb4 cxb4 19. Na4 Qa5 20. Bb3 Nbd7 21. e5 Nc5
22. Nxc5 Qxc5 23. exf6 Bd6 24. fxg7 Rd8 25. Nh5 Qc7 26. Qd3 Bh2+ 27. Kf1 Qd6
28. Nf6+ Kxg7 29. Qh7+ 1-0

[Event "33. ABC-Turnier 2013 - Gruppe J"]
[Site "Dortmund"]
[Date "2013.10.24"]
[Round "1.5"]
[White "Hölling, Michael"]
[Black "Pauli, Helmut"]
[Result "1/2-1/2"]
[WhiteElo "1105"]
[BlackElo "1149"]
[PlyCount "52"]
[EventDate "2013.??.??"]
[Source "Pit Schulenburg"]
[SourceDate "2013.09.05"]

1. d4 d5 2. Nf3 Nf6 3. e3 Bg4 4. h3 Bh5 5. Bd3 e6 6. Nbd2 Bd6 7. c3 Nbd7 8. Qb3
Qc8 9. O-O c5 10. dxc5 Nxc5 11. Qc2 Nxd3 12. Qxd3 Bg6 13. Qb5+ Nd7 14. Re1 a6
15. Qe2 Nc5 16. Nb3 Nd3 17. Rd1 Nxc1 18. Raxc1 b6 19. c4 Be4 20. cxd5 Qd7 21.
dxe6 fxe6 22. Rd4 Bd5 23. Rcd1 O-O 24. e4 Bc5 25. Nxc5 bxc5 26. R4d3 Bc4
1/2-1/2

[Event "33. ABC-Turnier 2013 - Gruppe J"]
[Site "Dortmund"]
[Date "2013.11.07"]
[Round "2.1"]
[White "Schulz, Wolfgang"]
[Black "Pauli, Helmut"]
[Result "0-1"]
[WhiteElo "985"]
[BlackElo "1149"]
[PlyCount "100"]
[EventDate "2013.??.??"]
[Source "Pit Schulenburg"]
[SourceDate "2013.09.05"]

1. d4 d5 2. Nf3 c6 3. Bd2 Bf5 4. e3 h6 5. Be2 Nf6 6. O-O e6 7. Nc3 Qb6 8. Na4
Qc7 9. Ne5 Nbd7 10. Nxd7 Nxd7 11. c4 Be7 12. cxd5 exd5 13. Rc1 Bd6 14. g3 Qd8
15. Qb3 Rb8 16. Bh5 O-O 17. Rfe1 Nf6 18. Qd1 Nxh5 19. Qxh5 Qf6 20. Nc5 Bxc5 21.
Rxc5 Rfe8 22. Ra5 a6 23. b4 Be4 24. Qh3 Bf3 25. b5 axb5 26. Ra3 Ra8 27. Rxa8
Rxa8 28. Ra1 Qe6 29. Qxe6 fxe6 30. Bb4 Kf7 31. h4 g5 32. Kh2 g4 33. Bd6 h5 34.
Kg1 Ra4 35. Kf1 Rc4 36. Ke1 Rc2 37. Kf1 Kf6 38. Be5+ Kf7 39. a3 Ke7 40. Rb1
Be2+ 41. Kg1 Bd3 42. Ra1 Kd7 43. Rd1 Bc4 44. a4 b4 45. e4 b3 46. Rb1 b2 47.
exd5 Rc1+ 48. Rxc1 bxc1=Q+ 49. Kg2 Bxd5+ 50. Kh2 Qh1# 0-1

[Event "33. ABC-Turnier 2013 - Gruppe J"]
[Site "Dortmund"]
[Date "2013.11.07"]
[Round "2.1"]
[White "Hölling, Michael"]
[Black "Böckmann, Lieselotte"]
[Result "0-1"]
[WhiteElo "1105"]
[BlackElo "1041"]
[PlyCount "40"]
[EventDate "2013.??.??"]
[Source "Pit Schulenburg"]
[SourceDate "2013.09.05"]

1. d4 Nf6 2. Nf3 e6 3. e3 d5 4. Bd3 Nc6 5. Nbd2 Bd6 6. O-O O-O 7. c3 e5 8. e4
Bg4 9. h3 Bh5 10. g4 Bg6 11. Qe2 Qd7 12. exd5 Nxd5 13. dxe5 Nf4 14. Qe3 Nxh3+
15. Kg2 Qxg4+ 16. Kh1 Nf4 17. Rg1 Qh5+ 18. Nh2 Nxd3 19. exd6 Rae8 20. Qg5 Nxf2+
{Diagramm #} 0-1

[Event "33. ABC-Turnier 2013 - Gruppe J"]
[Site "Dortmund"]
[Date "2013.11.21"]
[Round "2.2"]
[White "Da Costa-Hoppe, Andreas"]
[Black "Hölling, Michael"]
[Result "0-1"]
[WhiteElo "1032"]
[BlackElo "1105"]
[PlyCount "58"]
[EventDate "2013.??.??"]
[Source "Pit Schulenburg"]
[SourceDate "2013.09.05"]

1. e4 d6 2. Nf3 Nf6 3. Nc3 e5 4. Bc4 Be6 5. Bxe6 fxe6 6. d3 Nc6 7. Be3 d5 8.
exd5 exd5 9. d4 exd4 10. Nxd4 Nxd4 11. Bxd4 c6 12. O-O Be7 13. Ne2 O-O 14. Nf4
Qd7 15. f3 Bd6 16. Nh3 c5 17. Bf2 d4 18. Qd3 h6 19. Rad1 Rad8 20. c3 dxc3 21.
Qxc3 Qc7 22. g3 b6 23. Be3 Be5 24. Qc4+ Qf7 25. Qxf7+ Kxf7 26. Rxd8 Rxd8 27. b3
Rd3 28. Kf2 Nd5 29. Ke2 Rxe3+ 0-1

[Event "33. ABC-Turnier 2013 - Gruppe J"]
[Site "Dortmund"]
[Date "2013.11.21"]
[Round "2.2"]
[White "Böckmann, Lieselotte"]
[Black "Pauli, Helmut"]
[Result "1-0"]
[WhiteElo "1041"]
[BlackElo "1149"]
[PlyCount "47"]
[EventDate "2013.??.??"]
[Source "Pit Schulenburg"]
[SourceDate "2013.09.05"]

1. Nf3 b6 2. c4 e6 3. Nc3 Bb7 4. a3 Nf6 5. d3 Be7 6. e4 h6 7. Be2 O-O 8. O-O d5
9. Qb3 d4 10. Nb5 c5 11. Bf4 Bc6 12. Nc7 Nbd7 13. Nxa8 Bxa8 14. e5 Nh5 15. Bd2
Bg5 16. Nxg5 hxg5 17. Bxh5 Nxe5 18. f4 gxf4 19. Bxf4 Ng6 20. Bxg6 fxg6 21. Qd1
Qh4 22. Bg3 Rxf1+ 23. Qxf1 Qg5 24. Re1 1-0

[Event "33. ABC-Turnier 2013 - Gruppe J"]
[Site "Dortmund"]
[Date "2013.11.28"]
[Round "2.3"]
[White "Schulz, Wolfgang"]
[Black "Böckmann, Lieselotte"]
[Result "1-0"]
[WhiteElo "985"]
[BlackElo "1041"]
[PlyCount "93"]
[EventDate "2013.??.??"]
[Source "Pit Schulenburg"]
[SourceDate "2013.09.05"]

1. d4 Nf6 2. Nc3 g6 3. Bf4 d5 4. Qd3 Nc6 5. Nb5 Qd7 $4 (5... Bf5 6. Qb3 (6.
Nxc7+ Qxc7 7. Bxc7 Bxd3) 6... Rc8) 6. Nxc7+ Kd8 7. Nxa8 Nb4 8. Qd2 e6 9. Be5
Ne4 10. Qf4 Rg8 11. Qh4+ Be7 12. Qxh7 Rf8 13. O-O-O $4 Qa4 14. Bc7+ Ke8 15. Rd2
{Diagramm #} 15... Nxd2 $4 (15... Qxa2 $1 {nebst Matt!}) 16. Kxd2 Qxc2+ 17. Ke3
Qe4+ 18. Kd2 Qxd4+ 19. Kc1 Qc4+ 20. Kd2 Qc2+ 21. Ke3 {Diagramm #} 21... Bg5+ $4
(21... Qe4+ 22. Kd2 Bc5 {nebst Matt!}) 22. f4 Qe4+ 23. Kd2 Bxf4+ 24. Bxf4 Qxf4+
25. e3 Qe5 26. Bb5+ Ke7 27. Qh4+ f6 28. Qxb4+ Kf7 29. Nf3 Qe4 30. Qc3 Kg7 31.
Rf1 Kh6 32. Qc5 Rd8 33. Bd3 Qa4 34. a3 b6 35. Qe7 Qa5+ 36. Ke2 d4 37. Qxd8 Ba6
38. Qxd4 Bxd3+ 39. Qxd3 e5 40. Nh4 e4 41. Qxe4 Qb5+ 42. Kf2 Qxb2+ 43. Kg1 {
Endlich rochiert ;-)} 43... f5 44. Qe6 Kg5 45. g3 Kg4 46. Qxg6+ Kh3 47. Qxf5#
1-0

[Event "33. ABC-Turnier 2013 - Gruppe J"]
[Site "Dortmund"]
[Date "2013.11.28"]
[Round "2.3"]
[White "Pauli, Helmut"]
[Black "Da Costa-Hoppe, Andreas"]
[Result "1-0"]
[WhiteElo "1149"]
[BlackElo "1032"]
[PlyCount "53"]
[EventDate "2013.??.??"]
[Source "Pit Schulenburg"]
[SourceDate "2013.09.05"]

1. c4 Nf6 2. g3 c6 3. d3 d5 4. b3 e5 5. Bg2 Be6 6. e3 Bd6 7. Ne2 Nbd7 8. O-O
O-O 9. Qc2 b6 10. Bb2 Rc8 11. Nbc3 c5 12. cxd5 Bf5 13. e4 Bg6 14. f4 exf4 15.
Nxf4 Bxf4 16. Rxf4 Ne5 17. Nb5 Nfd7 18. Bxe5 Nxe5 19. Nxa7 Ra8 20. Nb5 Qd7 21.
Nc3 f5 22. Raf1 Ng4 23. Nd1 Rf7 24. Bh3 Raf8 25. Bxg4 fxg4 26. Rxf7 Rxf7 27.
Qe2 1-0

[Event "33. ABC-Turnier 2013 - Gruppe J"]
[Site "Dortmund"]
[Date "2013.12.05"]
[Round "2.4"]
[White "Hölling, Michael"]
[Black "Schulz, Wolfgang"]
[Result "0-1"]
[WhiteElo "1105"]
[BlackElo "985"]
[PlyCount "136"]
[EventDate "2013.??.??"]
[Source "Pit Schulenburg"]
[SourceDate "2013.09.05"]

1. d4 d5 2. Nf3 Nc6 3. e3 a6 4. c4 Bg4 5. h3 Bh5 6. Nc3 e6 7. g4 Bg6 8. Ne5 Be4
9. f3 Qh4+ 10. Ke2 Nxe5 11. dxe5 Bg6 12. cxd5 O-O-O 13. e4 Bc5 14. Qe1 Qe7 15.
Be3 Bxe3 16. Kxe3 Qc5+ 17. Kd2 Qd4+ 18. Kc2 Qxe5 19. Rc1 Ne7 20. dxe6 fxe6 21.
Qe3 Nc6 22. Bc4 Bf7 23. Rhd1 Qh2+ 24. Kb1 Rxd1 25. Rxd1 Rd8 26. Rxd8+ Kxd8 27.
Qg5+ Ne7 28. Qxg7 Qh1+ 29. Kc2 Qg2+ 30. Kb3 Qxf3 31. Qxh7 b5 32. Be2 Qf4 33. h4
Nc6 34. Qh8+ Ke7 35. h5 e5+ 36. Kc2 Nd4+ 37. Kd1 Nxe2 38. Nxe2 Qxg4 39. Qxe5+
Kf8 40. Qh8+ Bg8 41. h6 Qd7+ 42. Ke1 Qh7 43. Qxh7 Bxh7 44. Ng3 Kf7 45. Ke2 Kg6
46. Nf5 Kf6 47. Ke3 c5 48. b3 a5 49. Nd6 b4 50. Kf4 Kg6 51. e5 Bg8 52. Nc4 a4
53. Ke4 Kxh6 54. Nd2 Kg7 55. Nc4 Kf8 56. Kf5 Ke7 57. Kf4 Bh7 58. Nd6 Bb1 59.
bxa4 Bxa2 60. Nb5 Bd5 {Nun geschah (offensichtlich von beiden Spielern
unbemerkt) der regelwidrige Zug 61.Sb5-d3. Weil die Software ChessBase die
direkte Eingabe solcher Zuege nicht erlaubt, wird ein fiktives
Springermanoever nebst Nullzuegen von Schwarz eingefuegt ...} 61. Nc3 -- 62.
Ne2 -- 63. Nc1 -- {
... und mit dem naechsten Zug wird die reale Spielsituation erreicht:} 64. Nd3
b3 65. a5 c4 66. Nb2 c3 67. Nd3 c2 68. a6 b2 {und Weiss gab auf.} 0-1

[Event "33. ABC-Turnier 2013 - Gruppe J"]
[Site "Dortmund"]
[Date "2013.12.05"]
[Round "2.4"]
[White "Da Costa-Hoppe, Andreas"]
[Black "Böckmann, Lieselotte"]
[Result "1-0"]
[WhiteElo "1032"]
[BlackElo "1041"]
[PlyCount "93"]
[EventDate "2013.??.??"]
[Source "Pit Schulenburg"]
[SourceDate "2013.09.05"]

1. e4 e6 2. Nf3 a6 3. d4 b5 4. Bd3 h6 5. O-O Nc6 6. a3 Bb7 7. Re1 Be7 8. Be3
Nf6 9. Nbd2 O-O 10. c4 b4 11. Nb3 Ng4 12. d5 Nb8 13. Bc5 d6 14. Bxb4 Nd7 15.
Nfd4 Nde5 16. Be2 h5 17. Bxg4 Nxg4 18. Na5 Bg5 19. Nxb7 Qf6 20. Re2 Bf4 21. Nf3
Bxh2+ 22. Nxh2 Ne5 23. Bc3 h4 24. Bxe5 Qxe5 25. Na5 Qf6 26. Nc6 e5 27. Qd3 Rae8
28. Rc1 Qg5 29. Rcc2 f5 30. exf5 Rxf5 31. c5 Rf4 32. cxd6 e4 33. Qe3 Ref8 34.
d7 Qxd5 35. d8=Q Qe6 36. Qg5 Qd6 37. Ne7+ Kf7 38. Qexf4+ Qxf4 39. Qxf4+ Kxe7
40. Qxf8+ Kxf8 41. Rxc7 h3 42. Rxe4 hxg2 43. Rb4 Kg8 44. Rbb7 Kh7 45. Rxg7+ Kh6
46. Ng4+ Kh5 47. Rb8 1-0

[Event "33. ABC-Turnier 2013 - Gruppe J"]
[Site "Dortmund"]
[Date "2013.12.19"]
[Round "2.5"]
[White "Schulz, Wolfgang"]
[Black "Da Costa-Hoppe, Andreas"]
[Result "0-1"]
[WhiteElo "985"]
[BlackElo "1032"]
[PlyCount "48"]
[EventDate "2013.??.??"]
[Source "Pit Schulenburg"]
[SourceDate "2013.09.05"]

1. e4 e5 2. Nf3 Nc6 3. Bc4 Nf6 4. Nc3 Bc5 5. O-O a6 6. a3 b5 7. Ba2 O-O 8. b4
Bb7 9. bxc5 Re8 10. d3 Ne7 11. Ng5 d5 12. Qf3 h6 13. Nh3 Kh8 14. Qg3 dxe4 15.
Qxe5 Ng6 16. Qg3 Qe7 17. Nf4 Nxf4 18. Qxf4 Qxc5 19. Bd2 Rad8 20. Bxf7 Re7 21.
Bg6 Nd5 22. Nxd5 Qxd5 23. Bb4 exd3 24. Bxe7 Qxg2# 0-1

[Event "33. ABC-Turnier 2013 - Gruppe J"]
[Site "Dortmund"]
[Date "2013.12.19"]
[Round "2.5"]
[White "Pauli, Helmut"]
[Black "Hölling, Michael"]
[Result "1/2-1/2"]
[WhiteElo "1149"]
[BlackElo "1105"]
[PlyCount "66"]
[EventDate "2013.??.??"]
[Source "Pit Schulenburg"]
[SourceDate "2013.09.05"]

1. d4 d5 2. c4 c6 3. e3 Nf6 4. cxd5 cxd5 5. Bb5+ Nbd7 6. Nf3 e6 7. O-O Bd6 8.
Nc3 O-O 9. Bxd7 Bxd7 10. Qb3 b6 11. Bd2 Rc8 12. a3 Rc7 13. Nb5 Bxb5 14. Qxb5
Qd7 15. Qxd7 Nxd7 16. Rac1 Rfc8 17. b4 e5 18. Rxc7 Rxc7 19. Rc1 Rxc1+ 20. Bxc1
e4 21. Nd2 a5 22. bxa5 bxa5 23. f3 f5 24. Nb3 a4 25. Na5 Nb6 26. Kf2 Nc4 27.
Nxc4 dxc4 28. Ke2 Kf7 29. Kd2 Ke6 30. Kc3 Kd5 31. h3 h5 32. fxe4+ fxe4 33. Bb2
g6 1/2-1/2

[Event "33. ABC-Turnier 2013 - Gruppe K"]
[Site "Dortmund"]
[Date "2013.09.06"]
[Round "1.1"]
[White "Schmidt, Andreas N"]
[Black "Wilkins, Petra"]
[Result "1-0"]
[WhiteElo "962"]
[BlackElo "897"]
[PlyCount "99"]
[EventDate "2013.??.??"]
[Source "Pit Schulenburg"]
[SourceDate "2013.09.05"]

1. e4 d6 2. d4 Nf6 3. Bc4 Nxe4 4. Qf3 d5 5. Bb3 g6 6. c4 c6 7. Ne2 Bg7 8. Nbc3
Bf5 9. cxd5 Nxc3 10. Nxc3 Bxd4 11. O-O O-O 12. Ne2 Bg7 13. Rd1 Qc7 14. Nd4 Bxd4
15. Rxd4 c5 16. Rc4 b5 17. Rc3 Nd7 18. Bf4 Ne5 19. Bxe5 Qxe5 20. Rxc5 Qxb2 21.
Rac1 a6 22. h4 Kg7 23. h5 Qf6 24. Rc6 Qg5 25. hxg6 hxg6 26. Rc7 Rac8 27. Qc3+
Qf6 28. Qxf6+ Kxf6 29. Rxc8 Bxc8 30. Rc6+ e6 31. d6 a5 32. Rc7 Ke5 33. d7 Ba6
34. Ra7 a4 35. Bd1 Bc8 36. Ra8 Bxd7 37. Rxf8 f5 38. Rb8 Kd4 39. Rd8 Kc3 40.
Rxd7 Kb2 41. Rb7 Kxa2 42. Bxa4 bxa4 43. Kf1 g5 44. Ke1 e5 45. Kd1 a3 46. Kc2 g4
47. Rb5 f4 48. Rxe5 Ka1 49. Kb3 a2 50. Re1# {Diagramm #} 1-0